[Event "SF Deizisau 2 - Stuttgarter SF"]
[Site "?"]
[Date "2023.10.15"]
[Round "2.7"]
[White "Maeurer, Christoph"]
[Black "Koellner, Christof"]
[Result "1/2-1/2"]
[WhiteElo "2252"]
[BlackElo "2068"]
[PlyCount "79"]
[EventDate "2023.??.??"]

1. Nf3 d5 2. g3 Bg4 3. Bg2 c6 4. c4 e6 5. cxd5 exd5 6. h3 Bxf3 7. Bxf3 Bd6 8. Bg2 Ne7 9. b3 Nd7 10. Bb2 O-O 11. O-O Re8 12. d3 Qc7 13. e4 Rad8 14. Qc2 dxe4 15. dxe4 Be5 16. Nd2 Bxb2 17. Qxb2 Qe5 18. Nc4 Qxb2 19. Nxb2 Nc5 20. Rfd1 Ne6 21. Rxd8 Rxd8 22. Rd1 Rxd1+ 23. Nxd1 Kf8 24. h4 Nd4 25. Kf1 Ke8 26. Ke1 Kd7 27. Kd2 c5 28. f4 f6 29. Bf1 Nec6 30. Bd3 Nb4 31. Bb1 b5 32. Nc3 g6 33. Ke3 Ke6 34. Bd3 a6 35. Bf1 Kd6 36. Bh3 Nbc2+ 37. Kd2 Nb4 38. Ke3 Nbc2+ 39. Kd2 Nb4 40. Ke3 1/2-1/2

[Event "SF Deizisau 2 - Stuttgarter SF"]
[Site "?"]
[Date "2023.10.15"]
[Round "2.8"]
[White "Brenner, Markus"]
[Black "Gabriel, Robert"]
[Result "1/2-1/2"]
[WhiteElo "2095"]
[BlackElo "2204"]
[PlyCount "97"]

1. e4 c5 2. d4 cxd4 3. c3 g6 4. cxd4 d5 5. Nc3 dxe4 6. Bc4 Nf6 7. Qb3 e6 8. d5 exd5 9. Nxd5 Nxd5 10. Bxd5 Qe7 11. Bd2 Nc6 12. Ne2 Bg7 13. O-O O-O 14. Rac1 Bg4 15. Ng3 Nd4 16. Qxb7 Qxb7 17. Bxb7 Rab8 18. Bxe4 Rxb2 19. Be3 Rxa2 20. Bd5 Ra5 21. Bc4 h5 22. f3 Be6 23. Rfd1 Nb3 24. Rc2 Re8 25. Bxe6 Rxe6 26. Rd8+ Kh7 27. Ne4 Bh6 28. Bxh6 Kxh6 29. Rc7 Kg7 30. Rdd7 Rf5 31. Rxa7 Nc1 32. Nd6 Rff6 33. Rxf7+ Rxf7 34. Nxf7 Re1+ 35. Kf2 Re2+ 36. Kf1 Rc2 37. Ng5+ Kf6 38. Ne4+ Ke5 39. Rd7 Nb3 40. Rd3 Nd4 41. Nd2 g5 42. g3 Ne6 43. Re3+ Kf5 44. Re2 Nd4 45. Rf2 Rc1+ 46. Kg2 Nc2 47. h3 Ne3+ 48. Kh2 Rd1 49. Nb3 1/2-1/2

[Event "SK Bebenhausen - SG Schwäbisch Gmünd"]
[Site "?"]
[Date "2023.10.15"]
[Round "2.1"]
[White "Jurek, Josef"]
[Black "Braun, Georg"]
[Result "0-1"]
[WhiteElo "2262"]
[BlackElo "2395"]
[PlyCount "150"]
[EventDate "2023.??.??"]

1. Nf3 c5 2. c4 g6 3. Nc3 Bg7 4. g3 Nc6 5. Bg2 e5 6. O-O Nge7 7. Ne1 O-O 8. Nc2 Rb8 9. Rb1 d6 10. b4 Be6 11. d3 b6 12. b5 Nd4 13. Ne3 Ndf5 14. Ned5 Nxd5 15. Nxd5 Ne7 16. Bg5 f6 17. Bd2 Nxd5 18. cxd5 Bd7 19. a4 a5 20. Qc2 f5 21. e3 Qf6 22. Bc3 Rbe8 23. f4 Qe7 24. Rbe1 exf4 25. gxf4 Bxc3 26. Qxc3 Qg7 27. Qxg7+ Kxg7 28. Kf2 Kf6 29. h4 h6 30. Bf3 Re7 31. Rg1 Rc8 32. Rc1 Be8 33. Rc4 Bf7 34. Rcc1 Rg8 35. Rg3 g5 36. Rcg1 g4 37. Bg2 Bg6 38. Rc1 Rge8 39. Bf1 Bh7 40. Bg2 Kg6 41. Rc4 Kh5 42. Rc1 Bg8 43. Bh1 Bh7 44. Bg2 Rc8 45. Rc4 Kxh4 46. e4 Kh5 47. Rc1 Rce8 48. Bf3 Kg6 49. exf5+ Kf6 50. Bxg4 Bxf5 51. Bh5 Rc8 52. Be2 Rg7 53. Rxg7 Kxg7 54. Rg1+ Kf6 55. Rh1 Rh8 56. Ke3 Bg6 57. Bf3 h5 58. Rh4 Re8+ 59. Be4 Bf7 60. Rh2 Rg8 61. Bf3 Rg1 62. Bxh5 Bxd5 63. Be8 Re1+ 64. Re2 Rxe2+ 65. Kxe2 Bb3 66. d4 Bxa4 67. dxc5 dxc5 68. Kd3 Bb3 69. Kc3 Be6 70. Bh5 Kf5 71. Bd1 Kxf4 72. Bc2 Ke3 73. Bd1 Bd7 74. Kc4 Kd2 75. Ba4 Be6# 0-1

[Event "SK Bebenhausen - SG Schwäbisch Gmünd"]
[Site "?"]
[Date "2023.10.15"]
[Round "2.2"]
[White "Waffenschmidt, Lars"]
[Black "Flajsman, Pavel"]
[Result "1-0"]
[WhiteElo "2275"]
[BlackElo "2223"]
[PlyCount "67"]
[EventDate "2023.??.??"]

1. e4 e5 2. Nf3 Nc6 3. Bc4 Nf6 4. d3 Bc5 5. O-O d6 6. c3 a6 7. a4 Ba7 8. Re1 h6 9. Nbd2 O-O 10. h3 Be6 11. b4 Re8 12. Bxe6 Rxe6 13. Bb2 Ne7 14. c4 Ng6 15. Ra3 Qe8 16. Nf1 Nf4 17. Ng3 Kh7 18. Qd2 N6h5 19. Nxh5 Nxh5 20. Kh2 Kh8 21. Nh4 Qd8 22. g3 Qg5 23. Qe2 Nf4 24. Qf3 Ng6 25. Nf5 Ne7 26. Bc1 Qf6 27. g4 Nxf5 28. gxf5 Ree8 29. Rg1 Bd4 30. Qh5 Kh7 31. Bg5 Bxf2 32. Bxf6 Bxg1+ 33. Kxg1 gxf6 34. Qxf7+ 1-0

[Event "SK Bebenhausen - SG Schwäbisch Gmünd"]
[Site "?"]
[Date "2023.10.15"]
[Round "2.3"]
[White "Bergner, Philipp"]
[Black "Hartmann, Martin"]
[Result "1/2-1/2"]
[WhiteElo "2164"]
[BlackElo "2162"]
[PlyCount "50"]
[EventDate "2023.??.??"]

1. d4 d5 2. c4 e6 3. Nc3 c5 4. cxd5 cxd4 5. Qa4+ Bd7 6. Qxd4 exd5 7. Qxd5 Nf6 8. Qd1 Nc6 9. Nf3 Bc5 10. a3 Qe7 11. Bf4 Rd8 12. e3 O-O 13. Qc2 Bg4 14. Be2 Bxf3 15. gxf3 Nh5 16. Ne4 Nxf4 17. Qxc5 Qxc5 18. Nxc5 Nxe2 19. Kxe2 b6 20. Ne4 f5 21. Ng5 Rfe8 22. Rhd1 Nd4+ 23. Kf1 Nb3 24. Rxd8 Rxd8 25. Re1 h6 1/2-1/2

[Event "SK Bebenhausen - SG Schwäbisch Gmünd"]
[Site "?"]
[Date "2023.10.15"]
[Round "2.4"]
[White "Honisch, Alexander"]
[Black "Hoenick, Andreas"]
[Result "1-0"]
[WhiteElo "2127"]
[BlackElo "2125"]
[PlyCount "68"]
[EventDate "2023.??.??"]

1. e4 c5 2. Nf3 Nc6 3. Bb5 Nf6 4. Nc3 g6 5. e5 Ng4 6. Bxc6 dxc6 7. O-O Bg7 8. Re1 O-O 9. d3 Nh6 10. a4 Bg4 11. Ne4 b6 12. Ng3 Nf5 13. Nxf5 Bxf5 14. Qe2 Qd5 15. h3 a5 16. Bg5 Qd7 17. Qe3 Be6 18. Bh6 Rfd8 19. Bxg7 Kxg7 20. Qf4 h6 21. b3 Qc7 22. Re3 Rd5 23. Rae1 Rad8 24. h4 Qd7 25. h5 gxh5 26. Nd2 Rd4 27. Rg3+ Kh7 28. Ne4 Bf5 29. c3 Rd5 30. Nf6+ exf6 31. exf6 Bg6 32. Re7 Qf5 33. Rxf7+ Kh8 34. Qxh6+ Bh7 1-0

[Event "SK Bebenhausen - SG Schwäbisch Gmünd"]
[Site "?"]
[Date "2023.10.15"]
[Round "2.5"]
[White "Weiss, Andreas"]
[Black "Latzke, Boris"]
[Result "0-1"]
[WhiteElo "2126"]
[BlackElo "2193"]
[PlyCount "84"]
[EventDate "2023.??.??"]

1. e4 e5 2. Nf3 Nc6 3. Bb5 a6 4. Bxc6 dxc6 5. O-O f6 6. d4 exd4 7. Nxd4 c5 8. Nb3 Qxd1 9. Rxd1 Bd6 10. Be3 b6 11. a4 Bb7 12. Nc3 Ne7 13. Nd2 Be5 14. Ne2 O-O-O 15. c3 a5 16. f3 Ba6 17. Kf2 Ng6 18. g3 Rd7 19. Nb3 Bd6 20. Nd2 Rhd8 21. f4 Bf8 22. Ke1 Bd3 23. c4 Ne7 24. Nc3 Nc6 25. Nd5 Re8 26. Kf2 Bd6 27. Kf3 f5 28. e5 Bxe5 29. fxe5 Nxe5+ 30. Kg2 Nxc4 31. Nxc4 Bxc4 32. Nxb6+ cxb6 33. Rxd7 Kxd7 34. Kf2 Kc6 35. h4 Bd5 36. Ra3 Re4 37. Bd2 g6 38. Ra1 Bb3 39. h5 gxh5 40. Rh1 Bf7 41. Bf4 Rxa4 42. Rd1 Bd5 0-1

[Event "SK Bebenhausen - SG Schwäbisch Gmünd"]
[Site "?"]
[Date "2023.10.15"]
[Round "2.6"]
[White "Khadempour, Farhad"]
[Black "Lankes, Erich"]
[Result "1-0"]
[WhiteElo "2125"]
[BlackElo "2159"]
[PlyCount "63"]
[EventDate "2023.??.??"]

1. c4 d6 2. Nc3 e5 3. Nf3 f5 4. d4 e4 5. Bg5 Be7 6. Bxe7 Qxe7 7. Nd2 Nf6 8. e3 c6 9. Be2 O-O 10. Qb3 Be6 11. O-O Bf7 12. Rae1 b5 13. f3 Nbd7 14. fxe4 fxe4 15. Qa3 bxc4 16. Bxc4 Nb6 17. b3 Rae8 18. Bxf7+ Rxf7 19. h3 Qe6 20. Qc1 Ref8 21. Qd1 Nbd5 22. Nxd5 Nxd5 23. Qe2 Nb4 24. Nc4 Nd3 25. Rxf7 Rxf7 26. Rf1 d5 27. Rxf7 Qxf7 28. Nb2 Nc1 29. Qa6 Qc7 30. Kf2 Kf7 31. b4 Qb6 32. Qa4 {Schwarz hat die Zeit überschritten.} 1-0

[Event "SK Bebenhausen - SG Schwäbisch Gmünd"]
[Site "?"]
[Date "2023.10.15"]
[Round "2.7"]
[White "Lang, Thomas"]
[Black "Roth, Juergen Eugen"]
[Result "1/2-1/2"]
[WhiteElo "1953"]
[BlackElo "2143"]
[PlyCount "110"]
[EventDate "2023.??.??"]

1. e4 g6 2. d4 Bg7 3. Nc3 d6 4. f4 Nc6 5. Nf3 Bg4 6. Be3 Bxf3 7. gxf3 Nf6 8. Qd2 e5 9. fxe5 dxe5 10. d5 Nd4 11. Bxd4 exd4 12. Qxd4 Nh5 13. Qa4+ c6 14. O-O-O O-O 15. Qb3 a5 16. Kb1 Qf6 17. Be2 a4 18. Qa3 b5 19. dxc6 b4 20. Qxb4 Qxc6 21. Nd5 Kh8 22. Bb5 Qb7 23. a3 f5 24. Rd2 fxe4 25. fxe4 Nf4 26. Nxf4 Rxf4 27. Rd7 Qb6 28. Qe7 Rg8 29. c4 Rf2 30. e5 Qe3 31. Rhd1 Rxb2+ 32. Kxb2 Bxe5+ 33. Qxe5+ Qxe5+ 34. Ka2 Qxh2+ 35. R1d2 Qh6 36. Bxa4 Rc8 37. Bb3 Qf8 38. Rh2 h5 39. Re2 Re8 40. Red2 Ra8 41. a4 Qb4 42. c5 Qxc5 43. Rc2 Qg5 44. Rcc7 Qh6 45. Kb2 h4 46. a5 h3 47. a6 h2 48. Bd5 h1=R 49. Rh7+ Qxh7 50. Rxh7+ Rxh7 51. Bxa8 Ra7 52. Bb7 g5 53. Kc3 g4 54. Kc4 g3 55. Kb5 Rxa6 1/2-1/2

[Event "SK Bebenhausen - SG Schwäbisch Gmünd"]
[Site "?"]
[Date "2023.10.15"]
[Round "2.8"]
[White "Braeuning, Rudolf Wilhelm"]
[Black "Pohl, Walter"]
[Result "1-0"]
[WhiteElo "2171"]
[BlackElo "2116"]
[PlyCount "41"]
[EventDate "2023.??.??"]

1. e4 c5 2. Nf3 Nc6 3. c3 d5 4. exd5 Qxd5 5. d4 e5 6. Nxe5 Nxe5 7. dxe5 Qxe5+ 8. Be3 Bd7 9. Qb3 O-O-O 10. Nd2 f5 11. Nf3 Qd6 12. Rd1 Qe7 13. Be2 h6 14. O-O f4 15. Ba6 bxa6 16. Bxf4 Bb5 17. c4 Rxd1 18. Rxd1 Qe4 19. cxb5 axb5 20. Qxb5 Qxf4 21. Qc6+ 1-0

[Event "SK Schwäbisch Hall - SV Jedesheim"]
[Site "?"]
[Date "2023.10.15"]
[Round "2.1"]
[White "Krassowizkij, Jaroslaw"]
[Black "Nevednichy, Vladislav"]
[Result "1/2-1/2"]
[WhiteElo "2419"]
[BlackElo "2447"]
[PlyCount "49"]
[EventDate "2023.??.??"]

1. e4 c5 2. Nf3 e6 3. d4 cxd4 4. Nxd4 Nf6 5. Nc3 d6 6. f3 a6 7. g4 b5 8. g5 Nfd7 9. a3 h6 10. Rg1 Ne5 11. f4 Nec6 12. h4 Nxd4 13. Qxd4 Nc6 14. Qf2 hxg5 15. hxg5 g6 16. Be3 Rb8 17. b4 Qc7 18. O-O-O Rh7 19. e5 d5 20. Kb2 Be7 21. Bc5 Bd7 22. Bg2 Na5 23. Bxe7 Nc4+ 24. Kb3 Kxe7 25. Nb1 1/2-1/2

[Event "SK Schwäbisch Hall - SV Jedesheim"]
[Site "?"]
[Date "2023.10.15"]
[Round "2.2"]
[White "Sarenac, Ivan"]
[Black "Pikula, Dejan"]
[Result "1/2-1/2"]
[WhiteElo "2399"]
[BlackElo "2328"]
[PlyCount "44"]
[EventDate "2023.??.??"]

1. e4 c6 2. d4 d5 3. f3 e6 4. Nc3 Bb4 5. a3 Bxc3+ 6. bxc3 dxe4 7. Nh3 Qa5 8. Bb2 e3 9. Qd3 Nf6 10. Qxe3 c5 11. O-O-O O-O 12. c4 cxd4 13. Rxd4 Qc5 14. Qd2 e5 15. Rh4 Re8 16. Bd3 Nbd7 17. Re1 Nf8 18. f4 Bxh3 19. fxe5 N6d7 20. Rxh3 Nxe5 21. Rhe3 Nxd3+ 22. cxd3 Rxe3 1/2-1/2

[Event "SK Schwäbisch Hall - SV Jedesheim"]
[Site "?"]
[Date "2023.10.15"]
[Round "2.3"]
[White "Kranzl, Julian"]
[Black "Manoeuvre, Antoine"]
[Result "1-0"]
[WhiteElo "2263"]
[BlackElo "2312"]
[PlyCount "89"]
[EventDate "2023.??.??"]

1. d4 g6 2. Nf3 Bg7 3. g3 Nf6 4. Bg2 O-O 5. O-O d6 6. b3 a5 7. Bb2 c6 8. c4 a4 9. b4 d5 10. c5 b6 11. cxb6 Qxb6 12. a3 Ne4 13. Nc3 Nxc3 14. Bxc3 Nd7 15. Rc1 Ba6 16. Re1 e6 17. Qc2 Bb5 18. e4 Rac8 19. Bd2 Qa6 20. e5 Nb6 21. Bg5 Qa7 22. h4 Rfe8 23. Qb1 Bf8 24. Rc3 Be7 25. Qc1 Bxg5 26. hxg5 Qe7 27. Nh2 Kg7 28. Ng4 Rf8 29. Qf4 Rh8 30. Rf3 Kf8 31. Nh6 Rc7 32. Qc1 Nc4 33. Bh3 Qe8 34. Qf4 Rg8 35. Nxg8 Kxg8 36. Rc3 Qd8 37. Bf1 Rd7 38. Bxc4 Bxc4 39. Kg2 h6 40. gxh6 Kh7 41. Rf3 Qe7 42. Qd2 Qd8 43. Rf6 Qe7 44. Re3 Kxh6 45. g4 1-0

[Event "SK Schwäbisch Hall - SV Jedesheim"]
[Site "?"]
[Date "2023.10.15"]
[Round "2.4"]
[White "Svana, Peter"]
[Black "Anistratov, Dmitriy"]
[Result "1/2-1/2"]
[WhiteElo "2265"]
[BlackElo "2241"]
[PlyCount "105"]
[EventDate "2023.??.??"]

1. d4 d6 2. Nf3 Nf6 3. c4 c6 4. Nc3 Nbd7 5. Bf4 Qa5 6. a3 e5 7. b4 Qc7 8. Bg3 Nh5 9. Bh4 Nhf6 10. e3 Be7 11. Be2 O-O 12. O-O Re8 13. Rc1 Nf8 14. h3 Ng6 15. Bg3 e4 16. Nd2 Bf8 17. d5 Qd8 18. Qc2 Bf5 19. Nb3 cxd5 20. cxd5 h5 21. Nd4 Bd7 22. Bb5 h4 23. Bh2 Rc8 24. Qb1 Qe7 25. Bxd7 Qxd7 26. Rc2 Ne5 27. Nxe4 Nxe4 28. Rxc8 Nd2 29. Qd1 Rxc8 30. Qxd2 Nc4 31. Qd3 g6 32. Rc1 b5 33. Nc6 Bg7 34. Qe4 Bf6 35. a4 a6 36. a5 Re8 37. Qg4 Qxg4 38. hxg4 g5 39. Kf1 Kg7 40. Ke2 Kg6 41. Bg1 Bb2 42. Rc2 f5 43. gxf5+ Kxf5 44. f3 g4 45. e4+ Kf4 46. Bh2+ g3 47. Bg1 Kg5 48. Be3+ Nxe3 49. Kxe3 Bf6 50. Rc1 Kh5 51. Rh1 Bg7 52. Kd3 Kg5 53. Ke3 1/2-1/2

[Event "SK Schwäbisch Hall - SV Jedesheim"]
[Site "?"]
[Date "2023.10.15"]
[Round "2.5"]
[White "Stiepan, Hans-Michael"]
[Black "Danada, Tomas"]
[Result "1/2-1/2"]
[WhiteElo "2122"]
[BlackElo "2233"]
[PlyCount "65"]
[EventDate "2023.??.??"]

1. d4 Nf6 2. Nf3 d5 3. c4 e6 4. Nc3 Bb4 5. Qb3 c5 6. Bg5 Nc6 7. cxd5 Qxd5 8. Qxb4 Nxb4 9. Nxd5 exd5 10. Bxf6 gxf6 11. Rc1 c4 12. a3 Nc6 13. g3 Be6 14. Bg2 b5 15. O-O a5 16. Rfd1 Rb8 17. Nh4 Ne7 18. e4 O-O 19. exd5 Nxd5 20. Bxd5 Bxd5 21. Nf5 Rfd8 22. Rd2 Rb7 23. Ne3 Be4 24. a4 Bd3 25. axb5 Rxd4 26. Nc2 Re4 27. Na3 Rbe7 28. f3 Re3 29. Nxc4 Bxc4 30. Rxc4 Rb3 31. Rc8+ Kg7 32. b6 Rxb6 33. Ra8 1/2-1/2

[Event "SK Schwäbisch Hall - SV Jedesheim"]
[Site "?"]
[Date "2023.10.15"]
[Round "2.6"]
[White "Mudrak, Josef"]
[Black "Bossinger, Patrick"]
[Result "1-0"]
[WhiteElo "2216"]
[BlackElo "2088"]
[PlyCount "113"]
[EventDate "2023.??.??"]

1. d4 Nf6 2. Nf3 g6 3. g3 Bg7 4. Bg2 O-O 5. O-O d6 6. Nbd2 Nbd7 7. e4 e5 8. dxe5 dxe5 9. Qe2 Qe7 10. b3 Rd8 11. a4 a5 12. Ba3 Qe8 13. Qc4 c6 14. h3 Bf8 15. Bb2 b6 16. Rfe1 Ba6 17. Qc3 Bb4 18. Qe3 Qf8 19. Red1 Bc5 20. Qe1 Qe7 21. Bf1 Bxf1 22. Qxf1 Nh5 23. Kg2 Ng7 24. Nc4 f6 25. Ba3 Bxa3 26. Rxa3 Qc5 27. Raa1 Nf8 28. Rxd8 Rxd8 29. Rd1 Rxd1 30. Qxd1 Nge6 31. Qd3 Kg7 32. c3 Kg8 33. Nfd2 h5 34. h4 Kg7 35. Kf3 g5 36. hxg5 Nxg5+ 37. Kg2 h4 38. gxh4 Nge6 39. Qd6 Nf4+ 40. Kf3 Qxd6 41. Nxd6 Nd3 42. N2c4 Nd7 43. Nc8 N7c5 44. Ke3 Ne1 45. N4xb6 Nxb3 46. Ne7 c5 47. Nf5+ Kg6 48. Ke2 Nc2 49. Nc4 Kh5 50. Kd1 Nca1 51. f3 Kg6 52. Ne7+ Kh5 53. Nc6 Kxh4 54. N6xa5 Kg3 55. Nxb3 Nxb3 56. Kc2 Na1+ 57. Kb2 1-0

[Event "SK Schwäbisch Hall - SV Jedesheim"]
[Site "?"]
[Date "2023.10.15"]
[Round "2.7"]
[White "Jaskulski, Jan"]
[Black "Buran, Jaroslav"]
[Result "1/2-1/2"]
[WhiteElo "2001"]
[BlackElo "1981"]
[PlyCount "20"]
[EventDate "2023.??.??"]

1. e4 Nf6 2. e5 Nd5 3. Nc3 Nxc3 4. dxc3 d6 5. Bc4 e6 6. Nf3 Nc6 7. Bg5 Be7 8. Bxe7 Qxe7 9. Qe2 Bd7 10. O-O-O dxe5 1/2-1/2

[Event "SK Schwäbisch Hall - SV Jedesheim"]
[Site "?"]
[Date "2023.10.15"]
[Round "2.8"]
[White "Karatsioras, Nikolaos"]
[Black "Buechele, Johannes"]
[Result "1-0"]
[WhiteElo "1973"]
[BlackElo "1863"]
[PlyCount "107"]
[EventDate "2023.??.??"]

1. e4 c5 2. Nf3 d6 3. d4 cxd4 4. Nxd4 Nf6 5. Nc3 Nc6 6. Bc4 Qb6 7. Nxc6 bxc6 8. O-O g6 9. Kh1 Bg7 10. Qe2 O-O 11. e5 Ng4 12. exd6 exd6 13. f4 d5 14. Bd3 Bd7 15. f5 Nf6 16. Bd2 Rae8 17. Qf3 Bxf5 18. Bxf5 gxf5 19. Qxf5 Ne4 20. Nxe4 Rxe4 21. Rf3 Qxb2 22. Raf1 Qe5 23. Qd7 Qe7 24. Qxe7 Rxe7 25. Bb4 Rfe8 26. Bxe7 Rxe7 27. Rb3 Bd4 28. Rb8+ Kg7 29. Rc8 f6 30. Rxc6 Re2 31. c4 dxc4 32. Rxc4 Bb6 33. a4 Ra2 34. Rg4+ Kf7 35. Rgf4 Kg7 36. Rc4 Kg6 37. h4 h5 38. Kh2 Kg7 39. Kh3 Ra3+ 40. Rf3 Ra1 41. Kg3 Ra2 42. Rfc3 Kg6 43. Rc2 Ra3+ 44. Kf4 Ra1 45. Ke4 Re1+ 46. Kd5 Rd1+ 47. Kc6 Ra1 48. g4 Rh1 49. gxh5+ Kxh5 50. a5 Be3 51. Re4 Rc1 52. Rxc1 Bxc1 53. Kb7 f5 54. Re5 1-0